Samson (Record no. 173832)

MARC details
000 -LEADER
campo de control de longitud fija 00690namaa22001571 4500
001 - NÚMERO DE CONTROL
campo de control 173832
003 - IDENTIFICADOR DE NÚMERO DE CONTROL
campo de control ES-MaACL
005 - FECHA Y HORA DE LA ÚLTIMA TRANSACCIÓN
campo de control 20231224062933.0
008 - DATOS DE LONGITUD FIJA--INFORMACIÓN GENERAL
campo de control de longitud fija 100125s1848 sp |||| | spa d
100 1# - ENTRADA PRINCIPAL--NOMBRE DE PERSONA
Nombre de persona Fernández y González, Manuel,
Fechas asociadas al nombre 1821-1888
9 (RLIN) 50183
245 10 - MENCIÓN DEL TÍTULO
Título Samson
Resto del título : tragedia bíblica en tres actos y en verso /
Mención de responsabilidad, etc. por Manuel Fernández y González.
260 ## - PUBLICACIÓN, DISTRIBUCIÓN, ETC.
Lugar de publicación, distribución, etc. Granada :
Nombre del editor, distribuidor, etc. [s.n.],
Fecha de publicación, distribución, etc. 1848 (
Fabricante Imp. y Librería de Manuel Sanz)
300 ## - DESCRIPCIÓN FÍSICA
Extensión 54 p. ;
Dimensiones 17 cm.
852 ## - LOCALIZACIÓN
Ubicación ES-MaACL
Número de control de estantería F-8618(6)
Nota libre - Enc. pasta española, falto de cub. original
-- - Enc. en un vol. facticio formando parte de la col. facticia "Teatro español moderno", v. 73
Holdings
Estatus retirado Estado de pérdida Estado de daño No para préstamo Colección Biblioteca de origen Biblioteca actual Ubicación en estantería Fecha de adquisición Fuente de adquisición Total de préstamos Signatura topográfica completa Código de barras Visto por última vez Precio de reemplazo Tipo de ítem Koha
        Libros del s. XIX Biblioteca del Ateneo de Madrid Biblioteca del Ateneo de Madrid Sala Pecera Planta 2 25/01/2010     F-8618(6) 1182463 23/02/2023 23/02/2023 Libro impreso antiguo